Datum a čas kvízu
26.5
Celkem bodů
Celkový počet nahraných bodů na tomto kvízu bez doplňovacích otázek.
7.
Pořadí na kvízu
Konečné umístění týmu na tomto kvízu.
Zaznamenané odpovědi
| # | Otázka | Odpověď | Body | Výsledky |
|---|---|---|---|---|
| 1. | Ve středu se uskutečnilo letoš... | Jablonec nad Nisou | 1 | |
| 2. | Po ulicích jednoho středoslove... | Liptovský Mikuláš | 1 | |
| 3. | 14. března vstoupil do českých... | Monty Python a Svatý Grál | 0 | |
| 4. | Automobilka Škoda představila... | Epiq | 0 | |
| 5. | Minulý týden se stala jedna ne... | Jaromír Jágr | 1 | |
| 6. | Téma začneme v Evropě. Seřaďte... | 1D 2C 3B 4A | 0 | |
| 7. | Vůdcem Kuby byl několik deseti... | Raúl | 1 | |
| 8. | Které z těchto zvířat nežije p... | A | 1 | |
| 9. | Jak se jmenuje nejlidnatější s... | Indonésie, Jakarta | 1 | |
| 10. | Jak se jmenuje ostrovní stát,... | Maledivy | 0 |